[Event "ESP-ch U12 rapid"]
[Site "Salobrena"]
[Date "2023.07.16"]
[Round "8"]
[White "Gil Romero, Alvaro"]
[Black "Marsal Calvet, Josep"]
[Result "0-1"]
[WhiteElo "1296"]
[BlackElo "1369"]
[PlyCount "124"]
[EventDate "2023.07.15"]
[EventType "swiss (rapid)"]
[EventRounds "9"]
[EventCountry "ESP"]
[SourceTitle "EXT 2024"]
[Source "ChessBase"]
[SourceDate "2023.10.10"]
[SourceVersion "1"]
[SourceVersionDate "2023.10.10"]
[SourceQuality "1"]

1. d4 c5 2. Nf3 Nf6 3. Bf4 e6 4. e3 d5 5. c3 Nc6 6. Nbd2 Be7 7. Bd3 b6 8. Qa4 Bd7 9. Qd1 0-0 10. 0-0 h6 11. e4 dxe4 12. Nxe4 cxd4 13. cxd4 Nb4 14. Nxf6+ Bxf6 15. Be4 Bc6 16. Bxc6 Nxc6 17. Qa4 Nxd4 18. Nxd4 Qxd4 19. Qxd4 Bxd4 20. Rab1 Rfd8 21. b3 Rac8 22. Rbd1 e5 23. Bg3 f6 24. Rd2 Bc5 25. Rc2 Bb4 26. Re2 Rd7 27. f3 Rcd8 28. Bf2 Rd2 29. Rfe1 Rd1 30. Rf1 Rxf1+ 31. Kxf1 Rd1+ 32. Be1 Rxe1+ 33. Rxe1 Bxe1 34. Kxe1 Kf7 35. Kd2 Ke6 36. Ke3 Kd5 37. Kd3 f5 38. g4 fxg4 39. fxg4 e4+ 40. Ke3 Ke5 41. h4 g5 42. hxg5 hxg5 43. a3 a6 44. b4 b5 45. Kf2 Kf4 46. Ke2 e3 47. Ke1 Kxg4 48. Ke2 Kf4 49. Kd3 Kf3 50. Kd4 e2 51. Kd5 e1Q 52. Kc6 Qe6+ 53. Kb7 g4 54. a4 g3 55. axb5 axb5 56. Ka7 g2 57. Kb7 g1Q 58. Ka8 Qgg8+ 59. Kb7 Qd7+ 60. Kb6 Qge6+ 61. Ka5 Qa2+ 62. Kb6 Qaa7# 0-1

[Event "ESP-ch U12"]
[Site "Salobrena"]
[Date "2023.07.13"]
[Round "6"]
[White "Gil Romero, Alvaro"]
[Black "Vila Castillo, Jaime"]
[Result "0-1"]
[WhiteElo "1281"]
[BlackElo "1574"]
[PlyCount "84"]
[EventDate "2023.07.10"]
[EventType "swiss"]
[EventRounds "9"]
[EventCountry "ESP"]
[SourceTitle "EXT 2024"]
[Source "ChessBase"]
[SourceDate "2023.10.10"]
[SourceVersion "1"]
[SourceVersionDate "2023.10.10"]
[SourceQuality "1"]

1. d4 Nf6 2. Nf3 d5 3. Bf4 c5 4. c3 Qb6 5. Qc2 Nc6 6. e3 g6 7. b3 Bf5 8. Bd3 Bxd3 9. Qxd3 Bg7 10. Nbd2 0-0 11. 0-0 Rac8 12. Rac1 cxd4 13. exd4 Rfd8 14. Rfe1 Nh5 15. Qe3 Nxf4 16. Qxf4 Qc7 17. Qe3 Qb6 18. Nf1 Re8 19. Qd3 Rcd8 20. Ne3 Qc7 21. c4 dxc4 22. Rxc4 Qd6 23. Rd1 e5 24. d5 f5 25. Ng5 e4 26. Qe2 Ne5 27. Ra4 a6 28. Ne6 Rd7 29. h3 b5 30. Ra5 Bh6 31. Qd2 Bxe3 32. fxe3 Rxe6 33. Qc3 Rc7 34. Qxc7 Qxc7 35. dxe6 Qxa5 36. e7 Kf7 37. Rd8 Kxe7 38. Rd5 Qe1+ 39. Kh2 Ke6 40. Rc5 Qf2 41. Rc8 Nf3+ 42. Kh1 Qg1# 0-1

[Event "ESP-ch U12"]
[Site "Salobrena"]
[Date "2023.07.11"]
[Round "3"]
[White "Karpukhin, Andrei"]
[Black "Gil Romero, Alvaro"]
[Result "1-0"]
[WhiteElo "1579"]
[BlackElo "1281"]
[PlyCount "57"]
[EventDate "2023.07.10"]
[EventType "swiss"]
[EventRounds "9"]
[EventCountry "ESP"]
[SourceTitle "EXT 2024"]
[Source "ChessBase"]
[SourceDate "2023.10.10"]
[SourceVersion "1"]
[SourceVersionDate "2023.10.10"]
[SourceQuality "1"]

1. e4 d6 2. d4 Nf6 3. Nc3 g6 4. Nf3 Bg7 5. Be3 0-0 6. Be2 Nc6 7. Qd2 e5 8. d5 Ne7 9. h4 Bg4 10. Bh6 Nh5 11. Bxg7 Kxg7 12. Ng5 Bxe2 13. Qxe2 h6 14. Nf3 Qd7 15. 0-0-0 f5 16. g3 f4 17. g4 Qxg4 18. Rhg1 Qd7 19. Nxe5 dxe5 20. Qxh5 Rf6 21. Qxe5 Re8 22. Qd4 c6 23. e5 Nf5 24. exf6+ Kh7 25. Qxf4 cxd5 26. Rxd5 Qe6 27. Qc7+ Kh8 28. Rxf5 Rg8 29. f7 1-0

[Event "ESP-ch U12"]
[Site "Salobrena"]
[Date "2023.07.10"]
[Round "1"]
[White "Gil Romero, Alvaro"]
[Black "Krauchi Romero, Martin"]
[Result "0-1"]
[WhiteElo "1281"]
[BlackElo "1907"]
[PlyCount "113"]
[EventDate "2023.07.10"]
[EventType "swiss"]
[EventRounds "9"]
[EventCountry "ESP"]
[SourceTitle "EXT 2024"]
[Source "ChessBase"]
[SourceDate "2023.10.10"]
[SourceVersion "1"]
[SourceVersionDate "2023.10.10"]
[SourceQuality "1"]

1. d4 Nf6 2. Bf4 d5 3. Nf3 e6 4. e3 Bd6 5. Bg3 0-0 6. Bd3 c5 7. c3 Qc7 8. Nbd2 Nbd7 9. 0-0 Bxg3 10. hxg3 e5 11. e4 dxe4 12. Nxe4 Nxe4 13. Bxe4 Nf6 14. Re1 exd4 15. cxd4 Bg4 16. Qc2 Nxe4 17. Qxe4 Bxf3 18. gxf3 cxd4 19. Qxd4 Rfd8 20. Qb4 Re8 21. Qb5 Qc6 22. Qxc6 bxc6 23. Rxe8+ Rxe8 24. Rc1 Re6 25. Rc2 Kf8 26. Kg2 Ke7 27. f4 Kd7 28. Kf3 Re1 29. a3 Kc7 30. Rc3 Rd1 31. Re3 Kd7 32. Ke2 Rb1 33. Rb3 Kc7 34. Kf3 Rc1 35. Kg4 Rc2 36. f3 c5 37. Kf5 Kc6 38. Ke4 h5 39. Kf5 Rg2 40. Kg5 Rxg3+ 41. Kxh5 a5 42. Re3 Rg2 43. Re7 Rxb2 44. Rxf7 c4 45. Re7 Rg2 46. Re3 Kd5 47. Re5+ Kd4 48. Rxa5 c3 49. Ra7 c2 50. Rc7 Kd3 51. Rd7+ Kc3 52. Rc7+ Kb2 53. Rb7+ Kxa3 54. Rc7 Kb2 55. Rb7+ Kc3 56. Rc7+ Kd2 57. Rd7+ 0-1